[Event "Spanish Women's Championship"]
[Site "Linares"]
[Date "2017.08.26"]
[Round "8"]
[White "Gallego Sosa, Clara"]
[Black "Garreta Nieto, Maria"]
[Result "0-1"]
[WhiteElo "1729"]
[BlackElo "1771"]
[Board "10"]
[WhiteCountry "ESP"]
[WhiteFideId "22259252"]
[WhiteEloChange "-9"]
[BlackCountry "ESP"]
[BlackFideId "32024819"]
[BlackEloChange "9"]

1. e4 c6 2. d4 d5 3. exd5 cxd5 4. Bd3 Nc6 5. c3 Qc7 6. Ne2 Bg4 7. O-O e6 8.
Be3 Bd6 9. h3 Bh5 10. Nd2 f5 11. Nf3 Bxf3 12. gxf3 h6 13. Kh1 g5 14. Rg1
O-O-O 15. b4 Kb8 16. Bd2 Nf6 17. a4 Rhg8 18. Nc1 Bf4 19. Ne2 Bxd2 20. Qxd2
g4 21. Nf4 Qd6 22. Rae1 Rde8 23. fxg4 fxg4 24. hxg4 e5 25. dxe5 Nxe5 26.
Be2 Nexg4 27. Bxg4 Rxe1 28. Rxe1 Rxg4 29. Nd3 Ne4 30. Qe3 Qf6 31. Qh3 Rh4
32. Re3 Rxh3+ 33. Rxh3 Nxf2+ 34. Nxf2 Qxf2 35. a5 Kc7 36. b5 Qf1+ 37. Kh2
Qxb5 0-1

[Event "Spanish Women's Championship"]
[Site "Linares"]
[Date "2017.08.26"]
[Round "8"]
[White "Ruiz de Leon Merlo, Esther"]
[Black "Rodriguez Perez, Marta"]
[Result "0-1"]
[WhiteElo "1696"]
[BlackElo "1277"]
[Board "11"]
[WhiteCountry "ESP"]
[WhiteFideId "22274553"]
[WhiteEloChange "-18"]
[BlackCountry "ESP"]
[BlackFideId "24541656"]
[BlackEloChange "18"]

1. e4 e6 2. d4 d5 3. e5 c5 4. c3 Nc6 5. Nf3 Qb6 6. a3 Bd7 7. b4 cxd4 8.
cxd4 Nge7 9. Be2 Nf5 10. Bb2 Rc8 11. O-O Be7 12. Kh1 O-O 13. g4 Nh4 14.
Nbd2 Qd8 15. Nxh4 Bxh4 16. f4 f6 17. Nf3 fxe5 18. Nxe5 Nxe5 19. dxe5 Be7
20. b5 Bc5 21. f5 exf5 22. Qxd5+ Kh8 23. e6 Bc6 0-1

[Event "Spanish Women's Championship"]
[Site "Linares"]
[Date "2017.08.26"]
[Round "8"]
[White "Gavira Valencia, Gizela"]
[Black "Acebal Muniz, Maria Concepcion"]
[Result "1-0"]
[WhiteElo "1476"]
[BlackElo "1220"]
[Board "12"]
[WhiteCountry "ESP"]
[WhiteFideId "24519600"]
[WhiteEloChange "4"]
[BlackCountry "ESP"]
[BlackFideId "2240491"]
[BlackEloChange "-4"]

1. d4 d5 2. e3 Nf6 3. Bd3 c5 4. c3 Nc6 5. f4 Bg4 6. Nf3 e6 7. O-O Bd6 8.
Nbd2 cxd4 9. cxd4 O-O 10. h3 Bf5 11. Bxf5 exf5 12. Ne5 Re8 13. a3 Nd7 14.
Ndf3 Rc8 15. Bd2 Nf6 16. Rc1 Ne4 17. Be1 f6 18. Nd3 Bc7 19. Nh4 Nd6 20. Qf3
Ne7 21. Nb4 Ne4 22. g3 Bb6 23. Rxc8 Qxc8 24. Qd1 Qe6 25. Kh2 Kh8 26. Na2
Ng8 27. Bb4 a5 28. Qh5 Nh6 29. Be1 Re7 30. b4 a4 31. b5 Nd6 32. Bb4 Rd7 33.
Rc1 Qxe3 34. Bxd6 Rxd6 35. Rc2 Rd8 36. Re2 Ng4+ 37. Qxg4 fxg4 38. Rxe3 Bxd4
39. Rd3 Bc5 40. hxg4 b6 41. Nc3 Bxa3 42. Nxa4 Bc5 43. g5 fxg5 44. fxg5 Bf2
45. Kg2 Bc5 46. Nf5 Kg8 47. Nxc5 bxc5 48. Ne7+ Kf7 49. Nc6 Rd6 50. Kf3 c4
51. Rd4 Ke6 52. Rh4 d4 53. Re4+ Kd5 54. Rxd4+ Kc5 55. Rxd6 Kxd6 56. Nd4 Kc5
57. Ke3 Kb6 58. Kd2 Kc5 59. Kc3 h5 60. gxh6 gxh6 61. g4 Kd5 62. b6 Kc5 63.
b7 Kd5 64. b8=Q Ke4 65. Kxc4 Ke3 66. Qe5+ Kf2 67. Kd3 Kg2 68. Qe3 h5 69.
Qf3+ Kh2 70. Ne2 hxg4 71. Qg3+ Kh1 72. Qg1# 1-0

[Event "Spanish Women's Championship"]
[Site "Linares"]
[Date "2017.08.26"]
[Round "8"]
[White "Perdigones Gomez, Mercedes"]
[Black "Roces Heres, Sara"]
[Result "1/2-1/2"]
[WhiteElo "1302"]
[BlackElo "1567"]
[Board "13"]
[WhiteCountry "ESP"]
[WhiteFideId "54538882"]
[WhiteEloChange "6"]
[BlackCountry "ESP"]
[BlackFideId "24526282"]
[BlackEloChange "-6"]

1. e4 e6 2. d4 d5 3. exd5 exd5 4. Bf4 Nf6 5. Nc3 c6 6. Qd2 Bf5 7. f3 Bd6 8.
O-O-O Qc7 9. Nge2 Nbd7 10. Kb1 O-O-O 11. g4 Bg6 12. Bxd6 Qxd6 13. Nf4 Ne8
14. Nxg6 Qxg6 15. Na4 Qd6 16. Qa5 a6 17. Rd3 Qc7 18. Qc3 Nd6 19. Re3 Rhe8
20. Rxe8 Rxe8 21. b3 Nb5 22. Bxb5 axb5 23. Nc5 b6 24. Nxd7 Qxd7 25. Re1
Rxe1+ 26. Qxe1 Qe6 27. Qxe6+ fxe6 28. Kc1 c5 29. c3 h6 30. b4 Kd7 31. Kd2
Kd6 32. f4 cxd4 33. cxd4 Ke7 34. h4 Kf6 35. Ke3 g6 36. g5+ Kg7 37. Kf3 h5
38. Ke3 Kf7 39. Kd3 Ke7 40. Kc3 Kd6 1/2-1/2

[Event "Spanish Women's Championship"]
[Site "Linares"]
[Date "2017.08.27"]
[Round "9"]
[White "Vega Gutierrez, Sabrina"]
[Black "Vega Gutierrez, Belinda"]
[Result "1/2-1/2"]
[WhiteTitle "IM"]
[BlackTitle "WIM"]
[WhiteElo "2369"]
[BlackElo "2178"]
[Board "1"]
[WhiteCountry "ESP"]
[WhiteFideId "2219026"]
[WhiteEloChange "-5"]
[BlackCountry "ESP"]
[BlackFideId "2229994"]
[BlackEloChange "5"]

1. e4 e5 2. Nf3 Nc6 3. Bc4 Bc5 4. c3 Nf6 5. d3 a6 6. a4 d6 7. O-O Ba7 8. h3
h6 9. Be3 Bxe3 10. fxe3 O-O 11. Nbd2 d5 12. exd5 Nxd5 13. Bxd5 Qxd5 14. d4
exd4 15. exd4 Re8 16. Qb3 Qxb3 17. Nxb3 Be6 18. Nc5 Bc4 19. Rfe1 b6 20. Ne4
a5 21. Ned2 Bd3 22. Kf2 f6 23. Rxe8+ Rxe8 24. Re1 Rxe1 25. Nxe1 Bf5 26. Ke3
Kf7 27. Nd3 Ne7 28. c4 Ke6 29. Nf4+ Kf7 30. Nd3 Ke6 31. Nf4+ Kf7 32. Nd3
1/2-1/2

[Event "Spanish Women's Championship"]
[Site "Linares"]
[Date "2017.08.27"]
[Round "9"]
[White "Garcia Vicente, Nieves"]
[Black "Perera Borrego, Maria Adela"]
[Result "1/2-1/2"]
[WhiteTitle "WIM"]
[BlackTitle "WFM"]
[WhiteElo "2137"]
[BlackElo "2116"]
[Board "2"]
[WhiteCountry "ESP"]
[WhiteFideId "2201542"]
[WhiteEloChange "-1"]
[BlackCountry "ESP"]
[BlackFideId "22238255"]
[BlackEloChange "1"]

1. d4 e6 2. c4 Nf6 3. Nc3 Bb4 4. e3 O-O 5. Bd3 d5 6. Nf3 b6 7. O-O Bb7 8.
cxd5 exd5 9. Qc2 a6 10. a3 Bd6 11. b4 Re8 12. Bb2 Nbd7 13. b5 a5 14. a4 Ne4
15. Ba3 Nf8 16. Qb3 Re6 17. Bxd6 Qxd6 18. Qa3 Qd8 19. Rac1 Rg6 20. Qa2 Ne6
21. Ne5 Rh6 22. Ng4 Rh4 23. f3 Qg5 24. Nf2 Nd6 25. f4 Qh6 26. h3 Nc4 27.
Ng4 Rxg4 28. hxg4 Nxe3 29. g5 Qh4 30. Qf2 Qxf2+ 31. Rxf2 Nxd4 32. Ne2 Ne6
33. Rf3 d4 1/2-1/2

[Event "Spanish Women's Championship"]
[Site "Linares"]
[Date "2017.08.27"]
[Round "9"]
[White "Hernandez Estevez, Yudania"]
[Black "Calzetta Ruiz, Monica"]
[Result "1-0"]
[WhiteTitle "WIM"]
[BlackTitle "WGM"]
[WhiteElo "2211"]
[BlackElo "2288"]
[Board "3"]
[WhiteCountry "ESP"]
[WhiteFideId "2219344"]
[WhiteEloChange "12"]
[BlackCountry "ESP"]
[BlackFideId "2204185"]
[BlackEloChange "-12"]

1. e4 c5 2. Nf3 Nc6 3. Bb5 g6 4. Bxc6 dxc6 5. d3 Bg7 6. h3 Nf6 7. Nc3 O-O
8. Be3 b6 9. Qd2 e5 10. Bh6 Qd6 11. O-O Nh5 12. Rae1 f6 13. Ne2 Be6 14. b3
Qd7 15. Nh2 g5 16. Bxg7 Nxg7 17. Qe3 h5 18. c3 Rad8 19. Rd1 Bf7 20. Rd2 Bg6
21. Rfd1 Qe7 22. Nf3 Rde8 23. Re1 Kh7 24. a3 a5 25. Rb1 b5 26. b4 cxb4 27.
cxb4 axb4 28. axb4 Ra8 29. Rc2 Ra6 30. Nc3 Ne6 31. d4 exd4 32. Nxd4 Nxd4
33. Qxd4 Rd8 34. Qe3 Ra3 35. Rd2 Rxd2 36. Qxd2 Ra7 37. f3 Rd7 38. Qe3 Qe5
39. Rd1 Rxd1+ 40. Nxd1 Qa1 41. Qd2 Bf7 42. Kf2 Bb3 43. Ne3 Qa2 44. Qxa2
Bxa2 45. Nc2 Be6 46. Ke3 f5 47. Kd4 fxe4 48. fxe4 g4 49. h4 Kg6 50. Ke5 Bc4
51. Ne3 Bd3 52. g3 Kf7 53. Nf5 Bc2 54. Nd4 Bd3 55. Nxc6 Bb1 56. Nd4 Bd3 57.
Kd5 Bc4+ 58. Kd6 Bd3 59. e5 Bc4 60. Kd7 Kg6 61. e6 Kf6 62. e7 1-0

[Event "Spanish Women's Championship"]
[Site "Linares"]
[Date "2017.08.27"]
[Round "9"]
[White "Redondo Benavente, Ana"]
[Black "Redondo Arguelles, Graciela"]
[Result "0-1"]
[WhiteTitle "WFM"]
[BlackTitle "WFM"]
[WhiteElo "2022"]
[BlackElo "1997"]
[Board "4"]
[WhiteCountry "ESP"]
[WhiteFideId "32021674"]
[WhiteEloChange "-11"]
[BlackCountry "ESP"]
[BlackFideId "2219824"]
[BlackEloChange "11"]

1. e4 e6 2. d4 d5 3. Nd2 dxe4 4. Nxe4 Nd7 5. Bd3 Ngf6 6. Qe2 Nxe4 7. Bxe4
c5 8. Nf3 Nf6 9. Bg5 Qa5+ 10. Bd2 Qb6 11. O-O cxd4 12. Bd3 Be7 13. Qe5 O-O
14. Qxd4 Qxd4 15. Nxd4 Bd7 16. h3 Rac8 17. Rfe1 Rfd8 18. Nf3 Nd5 19. a3 Bf6
20. Ne5 Ba4 21. Rac1 Nb6 22. Bc3 Nd5 23. Bd2 Nb6 24. Bc3 Be8 25. f4 Na4 26.
Rb1 Nxc3 27. bxc3 b6 28. c4 Rc5 29. Rbd1 g6 30. Be4 Rxd1 31. Rxd1 Bxe5 32.
Rd8 Bxf4 33. Rxe8+ Kg7 34. Bd3 Ra5 35. Kf2 Rxa3 36. Kf3 Bd6 37. Rc8 a5 38.
Ke2 Ra1 39. Ra8 a4 40. Kd2 a3 41. Kc3 Rb1 42. c5 Bxc5 43. Ra4 h5 44. h4 b5
45. Ra8 b4+ 46. Kc4 Be7 47. Ra7 Bxh4 48. c3 Rb2 49. cxb4 a2 50. b5 Bf6 51.
b6 Rxg2 52. b7 Be5 53. Ra8 Rb2 54. Be4 g5 55. Kd3 f5 56. Bc6 Rb6 57. Ra7
Bb8 58. Rxa2 Rxc6 59. Ra8 Rd6+ 60. Ke3 Rd8 61. Kf3 g4+ 62. Kg2 Kf6 0-1

[Event "Spanish Women's Championship"]
[Site "Linares"]
[Date "2017.08.27"]
[Round "9"]
[White "Gil Quilez, Sonia"]
[Black "Pablos Tenrero, Raquel"]
[Result "1-0"]
[WhiteTitle "WFM"]
[WhiteElo "2057"]
[BlackElo "2008"]
[Board "5"]
[WhiteCountry "ESP"]
[WhiteFideId "2263980"]
[WhiteEloChange "9"]
[BlackCountry "ESP"]
[BlackFideId "2216213"]
[BlackEloChange "-9"]

1. d4 f5 2. g3 Nf6 3. Bg2 g6 4. c3 Bg7 5. h4 d5 6. Nh3 Qd6 7. Bf4 Qb6 8.
Qb3 c6 9. Nd2 Be6 10. a4 Qxb3 11. Nxb3 Nbd7 12. Na5 O-O-O 13. O-O h6 14. b4
Nh5 15. b5 c5 16. dxc5 Bxc3 17. Nxb7 Kxb7 18. c6+ Kc8 19. Rac1 Ba5 20.
cxd7+ Kxd7 21. Rfd1 Rc8 22. Bxd5 Bxd5 23. Rxd5+ Ke6 24. Rdc5 Rxc5 25. Rxc5
Kd7 26. Rc6 e6 27. Rd6+ Ke7 28. Ra6 Bb6 29. a5 Bc5 30. Rc6 Bd4 31. Rc7+ Kf6
32. Ng5 1-0

[Event "Spanish Women's Championship"]
[Site "Linares"]
[Date "2017.08.27"]
[Round "9"]
[White "Beltran Ortiz, Edda Georgina"]
[Black "Sosa Suarez, Carla Cristina"]
[Result "1-0"]
[WhiteElo "1906"]
[BlackElo "1911"]
[Board "6"]
[WhiteCountry "ESP"]
[WhiteFideId "2257807"]
[WhiteEloChange "10"]
[BlackCountry "ESP"]
[BlackFideId "24536350"]
[BlackEloChange "-10"]

1. e4 e6 2. d4 d5 3. Nc3 Be7 4. exd5 exd5 5. Bd3 Nc6 6. Nf3 Nf6 7. O-O O-O
8. h3 Nb4 9. Re1 c6 10. Bf1 Bf5 11. Re2 h6 12. a3 Na6 13. Bf4 Nc7 14. Qd2
Ne6 15. Bh2 Bh7 16. Rae1 Ne4 17. Qc1 Nxc3 18. bxc3 Qa5 19. Qb2 Qb6 20. Qa2
Qa5 21. Qb3 b5 22. Ne5 Rfc8 23. Nxf7 Kxf7 24. Rxe6 Bxa3 25. Rxc6 b4 26. Ra6
Qd8 27. cxb4 Bxc2 28. Qxa3 Be4 29. Rxa7+ Kg8 30. Ra1 Rxa7 31. Qxa7 Qf6 32.
Be5 Qg6 33. Qa6 Qxa6 34. Rxa6 Rc1 35. Ra3 Rb1 36. b5 Bc2 37. Bc7 Bb3 38.
Rxb3 Rxb3 39. b6 Rb1 40. Kh2 Rxf1 41. b7 Rb1 42. b8=Q+ Rxb8 43. Bxb8 Kf7
44. Kg3 g6 45. Kf4 Ke6 46. h4 Kf6 47. Be5+ Kf7 48. Bh8 Ke6 49. Bg7 h5 50.
Kg5 Kf7 51. Bf6 1-0

[Event "Spanish Women's Championship"]
[Site "Linares"]
[Date "2017.08.27"]
[Round "9"]
[White "Ortin Blanco, Ainhoa"]
[Black "Matnadze, Ana"]
[Result "0-1"]
[BlackTitle "IM"]
[WhiteElo "1961"]
[BlackElo "2389"]
[Board "7"]
[WhiteCountry "ESP"]
[WhiteFideId "32010117"]
[WhiteEloChange "-2"]
[BlackCountry "ESP"]
[BlackFideId "13601377"]
[BlackEloChange "2"]

1. d4 Nf6 2. c4 e6 3. Nc3 d5 4. cxd5 exd5 5. Bg5 c6 6. e3 Be7 7. Qc2 Nbd7
8. Bd3 Nf8 9. Nge2 Ne6 10. Bh4 g6 11. f3 Ng7 12. O-O O-O 13. Rad1 b5 14. h3
Nd7 15. Bxe7 Qxe7 16. e4 Nb6 17. Kh1 Bd7 18. exd5 cxd5 19. Nf4 Qd6 20. Qd2
b4 21. Nb1 Nc4 22. Bxc4 dxc4 23. Rc1 Nf5 24. Ne2 Bb5 25. Kg1 Rad8 26. Rfd1
Rfe8 27. Re1 a5 28. a4 Bxa4 29. Rxc4 Bb5 30. Rcc1 Re3 31. Rcd1 Rxe2 32.
Rxe2 Bxe2 33. Qxe2 Nxd4 34. Qd2 Nxf3+ 35. gxf3 Qg3+ 0-1

[Event "Spanish Women's Championship"]
[Site "Linares"]
[Date "2017.08.27"]
[Round "9"]
[White "Garreta Nieto, Maria"]
[Black "Prado Acebo, Ines"]
[Result "0-1"]
[BlackTitle "WFM"]
[WhiteElo "1771"]
[BlackElo "2107"]
[Board "8"]
[WhiteCountry "ESP"]
[WhiteFideId "32024819"]
[WhiteEloChange "-3"]
[BlackCountry "ESP"]
[BlackFideId "22251235"]
[BlackEloChange "3"]

1. d4 d5 2. c4 e6 3. Nf3 Be7 4. Nc3 Nf6 5. Bg5 a6 6. a4 Nbd7 7. e3 O-O 8.
Be2 dxc4 9. Bxc4 c5 10. O-O cxd4 11. Nxd4 Qa5 12. Bh4 Rd8 13. Qe2 Ne5 14.
Rfd1 Nxc4 15. Qxc4 Bd7 16. Rac1 Rac8 17. Qe2 Bxa4 18. Re1 Be8 19. Qf3 Qb6
20. Rc2 Bc6 21. Qe2 Kh8 22. Rec1 Qa5 23. Ne4 Nd5 24. Nxc6 Rxc6 25. Rxc6
bxc6 26. Bxe7 Nxe7 27. Qc4 Rd5 28. Nc3 Rd2 29. Qf4 Kg8 30. Ne4 Rd7 31. h3
Qd8 32. Qf3 a5 33. h4 Rd5 34. Ng5 Rf5 35. Qh5 h6 36. g4 Rf6 37. Ne4 Rg6 38.
Kh1 f5 39. gxf5 exf5 40. Ng3 Qd2 41. Rf1 Qd5+ 42. Kh2 Kh7 43. Rd1 Qe5 44.
Rd4 c5 45. Rf4 Qxb2 46. Nxf5 Nd5 47. Rg4 Qxf2+ 0-1

[Event "Spanish Women's Championship"]
[Site "Linares"]
[Date "2017.08.27"]
[Round "9"]
[White "Rodriguez Perez, Marta"]
[Black "Vicens Company, Maria Antonia"]
[Result "0-1"]
[WhiteElo "1277"]
[BlackElo "1838"]
[Board "9"]
[WhiteCountry "ESP"]
[WhiteFideId "24541656"]
[WhiteEloChange "-2"]
[BlackCountry "ESP"]
[BlackFideId "2280680"]
[BlackEloChange "2"]

1. c4 f5 2. Nc3 g6 3. g3 Bg7 4. Bg2 c6 5. e3 Nh6 6. Nge2 e6 7. d4 d5 8.
cxd5 exd5 9. b3 O-O 10. O-O Nd7 11. Nf4 Nf6 12. Bb2 Ne4 13. Nd3 Nf7 14. f3
Nf6 15. f4 h5 16. Ne5 Nxe5 17. dxe5 Ng4 18. Qe2 h4 19. Bh3 hxg3 20. hxg3
Kf7 21. Bxg4 fxg4 22. Rf2 Rh8 23. Rh2 Bf5 24. e4 Qb6+ 25. Qf2 dxe4 26. Qxb6
axb6 27. a3 Rhd8 28. Re1 Rd3 29. Rg2 Bf8 30. b4 c5 31. Nxe4 Bxe4 32. Rxe4
Ke6 33. Kh2 Be7 34. Rc4 Rd1 35. Rg1 Rh8+ 36. Kg2 Rd2+ 0-1

[Event "Spanish Women's Championship"]
[Site "Linares"]
[Date "2017.08.27"]
[Round "9"]
[White "Guillo Longares, Cecilia"]
[Black "De la Fuente de la Fuente, Alba"]
[Result "1-0"]
[WhiteElo "1899"]
[BlackElo "1322"]
[Board "10"]
[WhiteCountry "ESP"]
[WhiteFideId "32082681"]
[WhiteEloChange "2"]
[BlackCountry "ESP"]
[BlackFideId "54512620"]
[BlackEloChange "-2"]

1. d4 d5 2. c4 e5 3. dxe5 d4 4. Nf3 Nc6 5. g3 Bf5 6. Bg2 Bb4+ 7. Bd2 Bxd2+
8. Nbxd2 Nge7 9. O-O Ng6 10. Nb3 Qe7 11. Nbxd4 Rd8 12. Nxc6 Rxd1 13. Nxe7
Rxf1+ 14. Kxf1 Kxe7 15. Nd4 Bc8 16. f4 Rd8 17. Nb5 Rd2 18. b3 Bg4 19. Bxb7
Bxe2+ 20. Ke1 Rb2 21. Nxa7 Bxc4 22. Nc6+ Kf8 23. bxc4 Rxb7 24. Rd1 f6 25.
e6 1-0

[Event "Spanish Women's Championship"]
[Site "Linares"]
[Date "2017.08.27"]
[Round "9"]
[White "Gavira Valencia, Gizela"]
[Black "Rodriguez Redondo, Adhara"]
[Result "0-1"]
[WhiteElo "1476"]
[BlackElo "1726"]
[Board "11"]
[WhiteCountry "ESP"]
[WhiteFideId "24519600"]
[WhiteEloChange "-4"]
[BlackCountry "ESP"]
[BlackFideId "32065698"]
[BlackEloChange "4"]

1. d4 Nf6 2. e3 c5 3. c3 b6 4. Bd3 Bb7 5. Nf3 g6 6. O-O Bg7 7. b3 O-O 8.
Bb2 d6 9. Nbd2 Nbd7 10. e4 Re8 11. Re1 Qc7 12. c4 cxd4 13. Bxd4 e5 14. Bb2
Nc5 15. Bc2 Rad8 16. Qb1 Qc8 17. Nf1 Ne6 18. Ng3 Nf4 19. Kh1 Ng4 20. Rf1
Qc5 21. Qe1 b5 22. h3 Nh6 23. Qe3 bxc4 24. Qxc5 dxc5 25. bxc4 f6 26. Rfd1
Nf7 27. Ba3 Ne6 28. Rab1 Bc6 29. Rxd8 Rxd8 30. Rd1 Rxd1+ 31. Bxd1 Nd6 32.
Bb3 Nxe4 33. Nxe4 Bxe4 34. Nd2 Bc6 35. Bc2 Kf7 36. Nb3 Bf8 37. Na5 Nd4 38.
Bd3 Ba8 39. f3 f5 40. Bb2 e4 41. Bxd4 cxd4 42. fxe4 fxe4 43. Bc2 Bb4 44.
Nb3 d3 45. Bd1 e3 46. Nc1 Be4 47. Kg1 Bd2 48. Ne2 dxe2 49. Bxe2 Ke6 50. g4
Ke5 51. Kh2 Kd4 52. Kg3 Bd3 0-1

[Event "Spanish Women's Championship"]
[Site "Linares"]
[Date "2017.08.27"]
[Round "9"]
[White "Perdigones Gomez, Mercedes"]
[Black "Ruiz de Leon Merlo, Esther"]
[Result "0-1"]
[WhiteElo "1302"]
[BlackElo "1696"]
[Board "12"]
[WhiteCountry "ESP"]
[WhiteFideId "54538882"]
[WhiteEloChange "-2"]
[BlackCountry "ESP"]
[BlackFideId "22274553"]
[BlackEloChange "2"]

1. e4 c5 2. Nc3 Nc6 3. Bb5 Nd4 4. Bc4 e6 5. Nf3 a6 6. Bf1 Nc6 7. d4 cxd4 8.
Nxd4 e5 9. Nf3 Bb4 10. Bd2 Nf6 11. Bd3 d5 12. Nxd5 Nxd5 13. exd5 Qxd5 14.
Qe2 Bxd2+ 15. Kxd2 O-O 16. Qe4 Qxe4 17. Bxe4 Rd8+ 18. Ke3 f6 19. Bxc6 bxc6
20. Rad1 Bg4 21. h3 Bf5 22. Rd2 Rxd2 23. Kxd2 Rd8+ 24. Kc1 Be4 25. Rd1
Rxd1+ 26. Kxd1 Kf7 27. Kd2 Ke6 28. c4 Kd6 29. b4 c5 30. b5 axb5 31. cxb5
Bd5 32. a4 Bb3 33. a5 Bc4 34. b6 Kc6 35. Kc3 Bf1 36. g3 Bxh3 37. Nd2 Bc8
38. Nb3 Kb5 39. Nd2 Kxa5 40. Nc4+ Ka6 41. Kd3 Be6 42. Na5 Kxb6 43. Nc4+
Bxc4+ 44. Kxc4 e4 45. g4 g6 46. Kd5 f5 47. gxf5 gxf5 0-1

[Event "Spanish Women's Championship"]
[Site "Linares"]
[Date "2017.08.27"]
[Round "9"]
[White "Roces Heres, Sara"]
[Black "Acebal Muniz, Maria Concepcion"]
[Result "1/2-1/2"]
[WhiteElo "1567"]
[BlackElo "1220"]
[Board "13"]
[WhiteCountry "ESP"]
[WhiteFideId "24526282"]
[WhiteEloChange "-8"]
[BlackCountry "ESP"]
[BlackFideId "2240491"]
[BlackEloChange "8"]

1. d4 d5 2. c4 e6 3. Nc3 Nf6 4. e3 Be7 5. Nf3 O-O 6. Be2 dxc4 7. Bxc4 Nd5
8. Qc2 Nxc3 9. bxc3 c5 10. O-O Nd7 11. Bd3 Nf6 12. e4 g6 13. Bg5 b6 14. e5
Nd7 15. Bxe7 Qxe7 16. Be4 Rb8 17. a4 Bb7 18. Rfd1 Bxe4 19. Qxe4 Rfd8 20.
Qe3 f6 21. exf6 Nxf6 22. Re1 Re8 23. Ng5 Nd5 24. Qxe6+ Qxe6 25. Rxe6 Rxe6
26. Nxe6 Nxc3 27. dxc5 bxc5 28. Nxc5 Rc8 29. Nd3 Ne4 30. Rc1 Rxc1+ 31. Nxc1
Nc5 32. a5 Kf7 33. Kf1 Ke6 34. Ke2 Kd5 35. Ke3 Kc4 36. f4 Kb5 37. g4 Kxa5
38. f5 g5 39. Kd4 Kb5 40. Kd5 a5 41. f6 Nd7 42. f7 a4 43. Na2 a3 44. h3 Ka4
45. Kc4 Ne5+ 46. Kc3 1/2-1/2